|
|
|
|
| LEADER |
00000nam0a2200000 4500 |
| 001 |
104886 |
| 005 |
20231031114203.0 |
| 010 |
|
|
|a 5060037436
|
| 035 |
|
|
|a (RuTPU)RU\TPU\book\113100
|
| 090 |
|
|
|a 104886
|
| 100 |
|
|
|a 20061109d2006 km y0rusy50 ca
|
| 101 |
0 |
|
|a rus
|
| 102 |
|
|
|a RU
|
| 105 |
|
|
|a a g 000zy
|
| 200 |
1 |
|
|a Справочник работника газового хозяйства
|f К. Г. Кязимов
|
| 210 |
|
|
|a Москва
|c Высшая школа
|d 2006
|
| 215 |
|
|
|a 275 с.
|c ил.
|
| 330 |
|
|
|a Приведены сведения о стандартах на качество газового топлива, составе природных газов, системе газораспределения городов, об эксплуатации подземных газопроводов, контрольно-измерительных приборах, средствах автоматизации. Рассмотрены наиболее распространенные конструкции газовых плит, водонагревателей, печных горелок. Включены данные о газовом оборудовании коммунально-бытовых и промышленных предприятий, его наладке, эксплуатации. Для учащихся профессиональных учебных заведений, работников газового хозяйства; может быть использован при переподготовке незанятого населения.
|
| 610 |
1 |
|
|a газовое хозяйство
|
| 610 |
1 |
|
|a физические величины
|
| 610 |
1 |
|
|a измерение
|
| 610 |
1 |
|
|a горючие газы
|
| 610 |
1 |
|
|a свойства
|
| 610 |
1 |
|
|a газопроводы подземные
|
| 610 |
1 |
|
|a устройство
|
| 610 |
1 |
|
|a эксплуатация
|
| 610 |
1 |
|
|a газорегуляторные пункты
|
| 610 |
1 |
|
|a газовые горелки
|
| 610 |
1 |
|
|a газовое оборудование
|
| 610 |
1 |
|
|a коммунально-бытовые предприятия
|
| 610 |
1 |
|
|a жилые дома
|
| 610 |
1 |
|
|a промышленные котлы
|
| 610 |
1 |
|
|a промышленные печи
|
| 610 |
1 |
|
|a сжиженные углеводородные газы
|
| 610 |
1 |
|
|a использование
|
| 610 |
1 |
|
|a справочники
|
| 675 |
|
|
|a 696.2(035)
|v 3
|
| 700 |
|
1 |
|a Кязимов
|b К. Г.
|g Карл Гасанович
|
| 801 |
|
1 |
|a RU
|b 63413507
|c 20061109
|g PSBO
|
| 801 |
|
2 |
|a RU
|b 63413507
|c 20120504
|g PSBO
|
| 942 |
|
|
|c BK
|
| 959 |
|
|
|a 90/20061025
|d 1
|e 166,00
|f ЧЗТЛ:1
|